R (on the application of Morris) v London Rent Assessment Committee and others (Record no. 70610)

MARC details
000 -LEADER
fixed length control field 02228cam a2200289 4500
001 - CONTROL NUMBER
control field ABS65640
008 - FIXED-LENGTH DATA ELEMENTS--GENERAL INFORMATION
fixed length control field 020628n2002 000 0 eng u
035 ## - SYSTEM CONTROL NUMBER
System control number (Sirsi) u118578
245 ## - TITLE STATEMENT
Title R (on the application of Morris) v London Rent Assessment Committee and others
260 ## - PUBLICATION, DISTRIBUTION, ETC.
Date of publication, distribution, etc. 2002
490 ## - SERIES STATEMENT
Series statement Estates Gazette Law Reports
Volume/sequential designation (0224) 24 EG 149-152(4)
520 ## - SUMMARY, ETC.
Summary, etc. CA 7 March 2002. Claimants (M) appeal from the dismissal of Hooper J on 4 May 2001, of his application for judicial review of a) the decision of the London Rent Assessment Committee to proceed to determine the rent of his Chelsea flat under the provisions of the Local Government and Housing Act 1989 s186, and b) the subsequent determination of the rent by the committee, at £2 708 per month (£32 496 pa) The main dispute concerned the status of M's tenancy of his flat. Whether after the expiration of M's tenancy, which was a long lease at a low rent, M became, as he argued, a statutory tenant of the flat under the Landlord and Tenant Act 1954 Part I, or whether as his landlord (L) contended M became an assured tenant under the 1989 Act. The resolution of the issue was whether a notice terminating the tenancy, given by L in 1995 was valid as did did not name the tenant of the flat at the time (F) but was addressed to his predecessor in title (B). M contended the 1995 notice was valid while L argued that it was not. L and Hooper J held that the 1995 notice was invalid. M appealed. "Held" appeal was dismissed. View judgment at www.courtservice.gov.uk/.
590 ## - LOCAL NOTE (RLIN)
Local note ABS
650 ## - SUBJECT ADDED ENTRY--TOPICAL TERM
Topical term or geographic name entry element TERMINATION
650 ## - SUBJECT ADDED ENTRY--TOPICAL TERM
Topical term or geographic name entry element PROPERTY-RESIDENTIAL PROPERTY-RESIDENTIAL LANDLORD AND TENANT-RESIDENTIAL TENANCIES
650 ## - SUBJECT ADDED ENTRY--TOPICAL TERM
Topical term or geographic name entry element LOCAL GOVERNMENT AND HOUSING ACT 1989 S186
650 ## - SUBJECT ADDED ENTRY--TOPICAL TERM
Topical term or geographic name entry element LANDLORD AND TENANT ACT 1954 PART I
650 ## - SUBJECT ADDED ENTRY--TOPICAL TERM
Topical term or geographic name entry element R V LONDON RENT ASSESSMENT COMMITTEE AND OTHERS EX P MORRIS
650 ## - SUBJECT ADDED ENTRY--TOPICAL TERM
Topical term or geographic name entry element LONG LEASES
650 ## - SUBJECT ADDED ENTRY--TOPICAL TERM
Topical term or geographic name entry element RENT ACT 1977
650 ## - SUBJECT ADDED ENTRY--TOPICAL TERM
Topical term or geographic name entry element RENT ASSESSMENT
650 ## - SUBJECT ADDED ENTRY--TOPICAL TERM
Topical term or geographic name entry element HOUSING ACT 1988
650 ## - SUBJECT ADDED ENTRY--TOPICAL TERM
Topical term or geographic name entry element VALIDITY
690 ## - LOCAL SUBJECT ADDED ENTRY--TOPICAL TERM (OCLC, RLIN)
Topical term or geographic name as entry element LANDLORD AND TENANT-RESIDENTIAL TENANCIES-CASE LAW
856 ## - ELECTRONIC LOCATION AND ACCESS
Uniform Resource Identifier <a href="https://www.courtservice.gov.uk/View.do?id=1111&searchTerm=Morris">https://www.courtservice.gov.uk/View.do?id=1111&searchTerm=Morris</a>
Public note View judgment on the Court Service website...
942 ## - ADDED ENTRY ELEMENTS (KOHA)
Suppress in OPAC 0
Holdings
Withdrawn status Lost status Source of classification or shelving scheme Damaged status Not for loan Home library Current library Shelving location Date acquired Total Checkouts Full call number Barcode Date last seen Copy number Price effective from Koha item type
    Dewey Decimal Classification     London London Journal article 28/06/2002   ABS65640 118578-1001 06/08/2019 1 06/08/2019 Journal article